000 01337nam a2200265 a 4500
001 00170
003 DO-SdBNP
005 20160411093041.0
007 00170
008 091118s20uu dr 20u 000 0 spa d
040 _aBPMSU
_bspa
_cBPMSU
092 _axxxx
100 1 _aBonilla, Santiago
245 1 0 _aManual de lengua española :
_bortografía y redacción (teoría y prácticas ) /
_cSantiago Bonilla.
260 _aSanto Domingo :
_bBúho,
_c[200?].
300 _a275 p. ;
_c28 cm.
500 _aIncluye datos biografícos en la contraportada
504 _aBibliografía p. 273-275
505 0 _gunidad 1 --
_tLa palabra y su estructura --
_gunidad 2 --
_tLa oración y la concordancia --
_gunidad 3 --
_tLos signos de apuntación --
_gunidad 4 --
_tEl parrafo y su estructura --
_gunidad 5 --
_tEl resumen --
_gunidad 6 --
_tLa acentuación; reglas y carateristicas de su unso --
_gunidad 7 --
_tLa comunicación
_gunidad 8 --
_tLos tipos de lengua --
_gunidad 9 --
_tLos niveles de lengua --
_gunidad 10 --
_tLas funciones de la lengua --
_gunidad 11 --
_tHistoria del español --
_gunidad 12 --
_tLenguaje, lengua y habla --
930 1 _lBND01
_mLF1
_820091118
_f01
_pHD
_g7839
942 _2ddc
_cBK
956 _aYLOCKWARD
_b10
_c20150806
_lBND01
_h1404
956 _aVMATEO
_b10
_c20150811
_lBPMSU
_h00151
956 _aBTAVÁREZ
_b10
_c20160411
_l00170
999 _c8250
_d8250